000
00298nam a22001337a 4500
008
210304b ||||| |||| 00| 0 eng d
020
_a
9780974165363
041
_a
eng
080
_2
3th
_a
611
100
_a
7
101
_a
ANA
245
_a
Cardiovascular Physiology
_c
Baker,D.R
942
_2
udc
_c
BK
999
_c
55729
_d
55729